[Event "39th ch-IND Premier w 2012"]
[Site "Jalgaon IND"]
[Date "2012.10.28"]
[Round "5.6"]
[White "Mokal,Amruta Sunil"]
[Black "Lasya,G"]
[Result "0-1"]
[WhiteElo "2072"]
[BlackElo "1982"]

1.e4 c5 2.Nf3 d6 3.d4 Nf6 4.Nc3 cxd4 5.Nxd4 Nc6 6.Bg5 e6 7.Qd2 a6 8.O-O-O Bd7
9.f3 b5 10.g4 Ne5 11.Be3 h6 12.g5 hxg5 13.Bxg5 Be7 14.a3 Rb8 15.f4 Nc4 16.Qe1 Qc7
17.Nb1 e5 18.Nf5 Bxf5 19.exf5 Qc5 20.fxe5 dxe5 21.Bxc4 bxc4 22.c3 Rh5 23.h4 Qb5
24.Qe2 Ne4 25.Bxe7 Kxe7 26.Rh2 Nf6 27.a4 Qc5 28.Na3 Rc8 29.Rg2 Rxf5 30.Rxg7 Nh5
31.Rg4 Rf2 32.Qe4 f5 33.Qxc4 Qe3+ 34.Kb1 Rxc4 35.Rxc4 Qb6 36.Rb4 Qc6 37.Nc4 Qe4+
38.Ka2 Nf4 39.Nd6 Qc2 40.Nc8+ Ke8 41.Nd6+ Kd7  0-1

[Event "TCh-SVK Extraliga 2012-13"]
[Site "Slovakia SVK"]
[Date "2012.10.28"]
[Round "2.6"]
[White "Harvan,R"]
[Black "Lanc,A"]
[Result "1/2-1/2"]
[WhiteElo "2027"]
[BlackElo "2402"]

1.e4 c5 2.Nf3 Nc6 3.d4 cxd4 4.Nxd4 Nf6 5.Nc3 d6 6.Bg5 e6 7.Qd2 h6 8.Bxf6 gxf6
9.O-O-O a6 10.f4 Bd7 11.f5 Qb6 12.fxe6 fxe6 13.Be2 h5 14.Kb1 Nxd4 15.Qxd4 Qxd4
16.Rxd4 h4 17.Bg4 Rg8 18.h3 Rc8 19.Rf1 Ke7 20.Rd3 Bh6 21.Rdf3 Bg5 22.g3 Rc5
23.gxh4 Bxh4 24.Rd1 Bc6 25.Re3 Re5 26.Red3 Rd8 27.Bf3 Bf2 28.a3 a5 29.b4 axb4
30.axb4 Be8 31.Rf1 Bb6 32.Kb2 Bg6 33.Na4 Ba7 34.Nc3 Rh8 35.Ra1 Bb6 36.Bg2 d5
37.Rg3 Bf7 38.exd5 exd5 39.Rd1 d4 40.Na4 Bc7 41.Rg4 Rb5 42.Ka3 Ra8 43.Rgxd4 Be8
44.Bf1 Re5 45.b5 Bb6 46.Rh4  1/2-1/2

[Event "5th Douglas Martinez"]
[Site "Guarenas VEN"]
[Date "2012.10.29"]
[Round "8.7"]
[White "Pinero,C"]
[Black "Ortega,Mariano"]
[Result "1/2-1/2"]
[WhiteElo "2163"]
[BlackElo "2474"]

1.e4 c5 2.Nf3 d6 3.d4 cxd4 4.Nxd4 Nf6 5.Nc3 Nc6 6.Bg5 e6 7.Qd2 a6 8.O-O-O Bd7
9.f3 Be7 10.Kb1 b5 11.Nxc6 Bxc6 12.Bf4 b4 13.Ne2 e5 14.Bg5 Qb6 15.Ng3 g6
16.Bc4 Rd8 17.Qe2 a5 18.Nf1 a4 19.Bxf6 Bxf6 20.Ne3 Bg5 21.Nd5 Bxd5 22.Rxd5 a3
23.Rhd1 axb2 24.Rb5 Qc7 25.Rxb4 O-O 26.Rxb2 Rb8 27.Rb3 Rfc8 28.Rxb8 Rxb8+
29.Bb3 Rb6 30.Kb2 Rc6 31.Rd3 Qa5 32.Qd1 Qb4 33.g3 Bd8 34.Qd2 Qb8 35.Kc1 Bb6
36.Bd5 Rc5 37.Rb3 Qc7 38.c4 Ra5 39.Qb4 Bg1 40.Qb8+ Qxb8 41.Rxb8+ Kg7  1/2-1/2

[Event "39th ch-IND Premier w 2012"]
[Site "Jalgaon IND"]
[Date "2012.10.29"]
[Round "6.4"]
[White "Soumya,Sw"]
[Black "Nimmy,A"]
[Result "1-0"]
[WhiteElo "2251"]
[BlackElo "2189"]

1.e4 c5 2.Nf3 Nc6 3.d4 cxd4 4.Nxd4 Nf6 5.Nc3 d6 6.Bg5 e6 7.Qd2 a6 8.O-O-O h6
9.Nxc6 bxc6 10.Bf4 d5 11.Qe3 Qa5 12.Be2 dxe4 13.Nxe4 Nd5 14.Qg3 Qxa2 15.Nd6+ Bxd6
16.Bxd6 Qa1+ 17.Kd2 Qa5+ 18.b4 Qd8 19.c4 Ne7 20.Bd3 O-O 21.Ke2 Qe8 22.Rhe1 e5
23.Kf1 f6 24.Kg1 Rf7 25.f4 Nf5 26.Bxf5 Bxf5 27.fxe5 fxe5 28.Rxe5 Qd7 29.Rde1 Bc2
30.c5 Kh7 31.h4 Kg8 32.R1e3 Bd1 33.Qg6 Ba4 34.Re7 Qf5 35.Re8+ Rf8 36.Qxf5 Rfxe8
37.Rg3 Ra7 38.Qg6 Rf7 39.Rf3 Re1+ 40.Kf2 Rxf3+ 41.gxf3 Rh1 42.Be5  1-0

[Event "4th Marcel Duchamp Open"]
[Site "Buenos Aires ARG"]
[Date "2012.10.30"]
[Round "8.4"]
[White "Iermito,S"]
[Black "Sosa,T ARG"]
[Result "1-0"]
[WhiteElo "2470"]
[BlackElo "2172"]

1.e4 c5 2.Nf3 d6 3.d4 cxd4 4.Nxd4 Nf6 5.Nc3 Nc6 6.Bg5 Bd7 7.Qd2 Rc8 8.f4 Nxd4
9.Qxd4 Qa5 10.e5 Rxc3 11.bxc3 Nd5 12.exd6 e6 13.f5 Bxd6 14.Qxg7 Rf8 15.Bd2 e5
16.c4 Nb4 17.Bd3 Qb6 18.Qg4 h5 19.Qe2 Rg8 20.Be3 Bc5 21.Bxc5 Qxc5 22.Qf2 Qa5
23.Qd2 Rxg2 24.Qxg2 Nxd3+ 25.Kf1 Nf4 26.Qg8+ Ke7 27.Qg5+ Ke8 28.Re1 Qd2 29.Rxe5+ Be6
30.fxe6 Qd1+ 31.Kf2 Qd2+ 32.Kf3  1-0

[Event "39th ch-IND Premier w 2012"]
[Site "Jalgaon IND"]
[Date "2012.10.30"]
[Round "7.7"]
[White "Michelle Catherina,P"]
[Black "Kiran,M"]
[Result "1-0"]
[WhiteElo "2109"]
[BlackElo "2179"]

1.e4 c5 2.Nf3 Nc6 3.d4 cxd4 4.Nxd4 Nf6 5.Nc3 d6 6.Bg5 e6 7.Qd2 Be7 8.O-O-O Nxd4
9.Qxd4 O-O 10.f3 a6 11.h4 b5 12.Kb1 Bb7 13.Qd2 Rc8 14.Bd3 Nd7 15.Ne2 Ne5
16.Nd4 Re8 17.Be2 Qc7 18.g4 d5 19.exd5 Bxd5 20.Bxe7 Rxe7 21.Rhe1 Nc4 22.Bxc4 Qxc4
23.b3 Qc3 24.Qxc3 Rxc3 25.Nxb5 axb5 26.Rxd5 f6 27.Rxb5 Rxf3 28.a4 Rc3 29.Kb2 Rcc7
30.a5 e5 31.Rd5 Kf7 32.c4 e4 33.Kc3 g6 34.b4  1-0

[Event "US Chess League 2012"]
[Site "ICC INT"]
[Date "2012.10.31"]
[Round "9"]
[White "Zierk,S"]
[Black "Riordan,C"]
[Result "1-0"]
[WhiteElo "2475"]
[BlackElo "2339"]

1.e4 c5 2.Nf3 d6 3.d4 cxd4 4.Nxd4 Nf6 5.Nc3 Nc6 6.Bg5 e6 7.f4 Qb6 8.Nb3 a6
9.Qe2 Qc7 10.Bxf6 gxf6 11.O-O-O Bd7 12.Qh5 b5 13.f5 Ke7 14.g3 b4 15.Ne2 e5
16.Ng1 a5 17.Bc4 Nd8 18.Bd5 Rc8 19.Na1 a4 20.Ne2 Bb5 21.Rd2 Qa7 22.Rhd1 Qe3
23.Kb1 Bh6 24.c4 Bxc4 25.Nc2 Qg5 26.Qf3 b3 27.Bxc4 bxc2+ 28.Rxc2 Nc6 29.Ba6 Rc7
30.Rdc1 Ra8 31.Rxc6 Rxc6 32.Rxc6 Qd2 33.Qd3 Qe1+ 34.Nc1 Kf8 35.Rc7  1-0

[Event "39th ch-IND Premier w 2012"]
[Site "Jalgaon IND"]
[Date "2012.10.31"]
[Round "8.5"]
[White "Padmini,R"]
[Black "Nimmy,A"]
[Result "1-0"]
[WhiteElo "2302"]
[BlackElo "2189"]

1.e4 c5 2.Nf3 d6 3.d4 cxd4 4.Nxd4 Nf6 5.Nc3 Nc6 6.Bg5 e6 7.Qd2 Be7 8.O-O-O Nxd4
9.Qxd4 O-O 10.f3 a6 11.e5 dxe5 12.Qxe5 Bd7 13.h4 Rc8 14.Ne4 Nxe4 15.Qxe4 Rc7
16.Bd3 f5 17.Qf4 Bf6 18.Bxf6 Rxf6 19.Rhe1 Qc8 20.Rd2 b5 21.h5 Bc6 22.Kb1 Bd5
23.b3 Qb7 24.Qe5 Rc6 25.g4 fxg4 26.fxg4 Qc7 27.g5 Qxe5 28.Rxe5 Rf4 29.Kb2 Rc8
30.g6 h6 31.Bf5 Bxb3 32.Bxe6+ Bxe6 33.Rxe6 Rf5 34.Re7 Rxh5 35.Rc7 Re8 36.Rdd7 Rg5
37.Rxg7+ Kh8 38.Rh7+ Kg8 39.Rcg7+ Kf8 40.Ra7 Kg8 41.Rxh6 Re6 42.Ra8+ Kg7
43.Rh7+ Kxg6 44.Rha7 Kf5 45.Rxa6 Re5 46.Rd8 Ke4 47.Rad6 Rc5 48.Rd4+ Ke5 49.Rd2 Rg4
50.Re8+ Kf6 51.Rf2+ Kg7 52.Re3 Kg6 53.a3 Kg5 54.Re8 Kh4 55.Ref8 Rcc4 56.Rb8 Rg5
57.Rbf8 Rgg4 58.R8f3 Rce4 59.Rf5 b4 60.a4 Rd4 61.a5 Kg3 62.R5f3+ Kh4 63.a6 Rd6
64.Rf6 Rd7 65.Rf7 Rd1 66.a7 Rgg1 67.Rh2+ Kg3 68.Rg7+ Kxh2 69.Rxg1  1-0

[Event "39th ch-IND Premier w 2012"]
[Site "Jalgaon IND"]
[Date "2012.10.31"]
[Round "8.8"]
[White "Kiran,M"]
[Black "Lasya,G"]
[Result "1-0"]
[WhiteElo "2179"]
[BlackElo "1982"]

1.e4 c5 2.Nf3 d6 3.d4 cxd4 4.Nxd4 Nf6 5.Nc3 Nc6 6.Bg5 e6 7.Qd2 a6 8.O-O-O Bd7
9.f4 b5 10.Bxf6 gxf6 11.Kb1 Qb6 12.Nxc6 Bxc6 13.Qe1 Ra7 14.Bd3 Be7 15.f5 b4
16.Ne2 e5 17.Qh4 d5 18.exd5 Bxd5 19.Be4 Bc4 20.Ng3 Rc7 21.Nh5 h6 22.Qg4 Bf8
23.Rd2 Bb5 24.Rhd1 Rd7 25.Rxd7 Bxd7 26.Qg3 Bb5 27.b3 Be2 28.Nxf6+ Qxf6 29.Bc6+ Ke7
30.Rd7+ Ke8 31.Rd6+ Ke7 32.Rxf6 Kxf6 33.Qh4+ Kg7 34.f6+  1-0

[Event "TCh-NOR Eliteserien 2012-13"]
[Site "Haraldsheim NOR"]
[Date "2012.11.02"]
[Round "6"]
[White "Berg,E"]
[Black "Hansen,TR"]
[Result "1/2-1/2"]
[WhiteElo "2574"]
[BlackElo "2444"]

1.e4 c5 2.Nf3 d6 3.d4 cxd4 4.Nxd4 Nf6 5.Nc3 Nc6 6.Bg5 g6 7.Bxf6 exf6 8.Bc4 Bg7
9.Ndb5 O-O 10.Qxd6 f5 11.Qxd8 Rxd8 12.Rd1 Rxd1+ 13.Kxd1 Be5 14.Bd3 a6 15.Na3 b5
16.Nab1 f4 17.Nd5 Be6 18.c3 Kg7 19.g3 Rd8 20.gxf4 Bxd5 21.exd5 Bxf4 22.a4 Ne5
23.Be2 Rxd5+ 24.Kc2 bxa4 25.h3 a5 26.Rd1 Rxd1 27.Kxd1 Kf6 28.c4 Kg5 29.Nc3 Kh4
30.Bf1 Nf3 31.c5 Ng5 32.Nd5 Bb8 33.c6 Ne6 34.Kd2 Nc7 35.Nxc7 Bxc7 36.Kc3 Kg5
37.Kc4 Kf6 38.Kb5 Ke7 39.Ka6 Kd8 40.Kb7 g5 41.Be2 f6 42.Bd1 Be5 43.Bxa4 h5
44.Bd1 h4 45.Bg4 Bf4 46.b3 Be5 47.f3 Bf4 48.Kb6 Bc7+ 49.Kc5 Be5 50.Kb5 Bc7
51.Ka6 Ke7 52.Kb7 Kd8 53.Bd7  1/2-1/2

[Event "TCh-HUN 2012-13"]
[Site "Paks HUN"]
[Date "2012.11.04"]
[Round "3"]
[White "Bagi,M"]
[Black "Nevednichy,V"]
[Result "0-1"]
[WhiteElo "2334"]
[BlackElo "2554"]

1.e4 c5 2.Nf3 d6 3.d4 cxd4 4.Nxd4 Nf6 5.Nc3 Nc6 6.Bg5 e6 7.Qd2 a6 8.O-O-O Bd7
9.f4 h6 10.Bh4 g5 11.fxg5 Ng4 12.Be2 Nge5 13.Nxc6 Bxc6 14.g3 Ng6 15.Kb1 Be7
16.gxh6 Nxh4 17.gxh4 Bf8 18.h5 Qf6 19.Bg4 Qxh6 20.Qf2 Be7 21.Rhf1 Rf8 22.h3 Qg5
23.Rfe1 Rh8 24.Qb6 Qc5 25.Qxc5 dxc5 26.e5 Bh4 27.Re2 Ke7 28.Ne4 Rad8 29.Rxd8 Rxd8
30.c3 Bb5 31.Re3 Rd3 32.Rf3 Rd5 33.h6 Bd3+ 34.Rxd3 Rxd3 35.Nxc5 Rd8 36.Nxb7 Rh8
37.Nc5 Bg3 38.Nd3 Rxh6 39.b4 Rg6 40.a4 Rg5 41.Be2 a5 42.bxa5 Kd8 43.a6 Kc7
44.Bf3 Kb6 45.Bb7 Bxe5 46.a5+ Kc7 47.Bf3 Kb8 48.Nb4 Bxc3 49.Nc6+ Kc7 50.a7 Kb7
51.a6+ Ka8 52.Kc2 Ba1 53.Kd2 Rg3 54.Ke3 Rxh3 55.Kf4 Rh7 56.Kg5 Bb2 57.Kf4 Rg7
58.Ke3 Rg5 59.Kd3 Ba3 60.Ke3 Rg1 61.Kf2 Ra1 62.Kg3 Bd6+ 63.Kf2 Bc5+ 64.Kg3 f5
65.Kf4 Bd6+ 66.Ke3 Bc5+ 67.Kf4 Rf1 68.Kg3 Bd6+ 69.Kg2 Rb1 70.Kf2 Rb2+ 71.Kg1 Bc5+
72.Kh1 Rf2 73.Bg2 f4 74.Nd8+ f3 75.Bxf3+ Rxf3 76.Nxe6 Bxa7  0-1

[Event "Subzonal 2.3 2012"]
[Site "Pamplona COL"]
[Date "2012.11.05"]
[Round "1.13"]
[White "Mendoza,Raf"]
[Black "Agudelo,C"]
[Result "1/2-1/2"]
[WhiteElo "2343"]
[BlackElo "2053"]

1.e4 c5 2.Nf3 d6 3.d4 cxd4 4.Nxd4 Nf6 5.Nc3 Nc6 6.Bg5 Qa5 7.Bxf6 gxf6 8.Nb3 Qd8
9.Qd2 f5 10.Bd3 fxe4 11.Bxe4 Bg7 12.f4 e6 13.O-O d5 14.Bd3 f5 15.Rae1 O-O
16.Kh1 Rf6 17.Nb5 Rh6 18.c3 a6 19.N5d4 Nxd4 20.Nxd4 Bxd4 21.cxd4 Qh4 22.h3 Bd7
23.Qf2 Qxf2 24.Rxf2 Rc8 25.Kh2 Kf7 26.Re5 Bb5 27.Rc2 Rc6 28.Rxc6 bxc6 29.Bxb5 axb5
30.Re3 Ke7 31.Ra3 Kd6 32.Ra7 Rg6 33.b4 Rg8 34.Rxh7 Ra8 35.Rg7 Rxa2 36.h4 Rd2
37.h5 Rxd4 38.h6 Rxf4 39.g3 Rxb4 40.h7 Rb2+ 41.Kg1  1/2-1/2

[Event "3rd Mendeleev GM"]
[Site "Tyumen RUS"]
[Date "2012.11.05"]
[Round "1"]
[White "Artemiev,V"]
[Black "Yuffa,D"]
[Result "1-0"]
[WhiteElo "2461"]
[BlackElo "2375"]

1.e4 c5 2.Nf3 d6 3.d4 cxd4 4.Nxd4 Nf6 5.Nc3 Nc6 6.Bg5 Bd7 7.Qd2 Rc8 8.f4 h6
9.Bh4 Nxd4 10.Qxd4 g5 11.fxg5 hxg5 12.Bxg5 Bg7 13.Be2 Qa5 14.Bd2 Nh5 15.Qd3 Be5
16.Rf1 Nf6 17.h3 Qc5 18.O-O-O a6 19.Be3 Qa5 20.Bd4 Be6 21.Bxe5 Qxe5 22.Qe3 Rxc3
23.Qxc3 Qxc3 24.bxc3 Nxe4 25.Kb2 Nc5 26.Rd4 b5 27.Ka3 O-O 28.Rf3 Kg7 29.Rh4 Rc8
30.Rg3+ Kf6 31.Bg4 Bxg4 32.Rhxg4 e5 33.Rg8 Rc7 34.h4 Ne4 35.h5 b4+ 36.cxb4 Nxg3
37.h6 Rc4 38.Rxg3 Rh4 39.Rh3 Rxh3+ 40.gxh3 Kg6 41.c4 f5 42.Kb3 f4 43.Kc3 f3
44.Kd2  1-0

[Event "WY BU16 2012"]
[Site "Maribor SLO"]
[Date "2012.11.08"]
[Round "1.4"]
[White "Lekic,L"]
[Black "Alekseenko,K"]
[Result "0-1"]
[WhiteElo "2062"]
[BlackElo "2434"]

1.e4 c5 2.Nf3 Nc6 3.d4 cxd4 4.Nxd4 Nf6 5.Nc3 d6 6.Bg5 e6 7.Qd2 a6 8.O-O-O Bd7
9.f4 Be7 10.Nxc6 Bxc6 11.e5 dxe5 12.fxe5 Qxd2+ 13.Rxd2 Nd7 14.Bf4 g5 15.Bg3 h5
16.h3 h4 17.Bh2 g4 18.Bf4 g3 19.Bd3 Rh5 20.Re1 Bg5 21.Bxg5 Rxg5 22.Rde2 Ke7
23.b3 Rh8 24.Ne4  0-1

[Event "Subzonal 2.3 2012"]
[Site "Pamplona COL"]
[Date "2012.11.09"]
[Round "9.25"]
[White "Contreras,H"]
[Black "Galvis,Carlos Alberto"]
[Result "1/2-1/2"]
[WhiteElo "2211"]
[BlackElo "1970"]

1.e4 c5 2.Nf3 d6 3.d4 cxd4 4.Nxd4 Nf6 5.Nc3 Nc6 6.Bg5 e6 7.Qd2 Qb6 8.O-O-O Qxd4
9.Qxd4 Nxd4 10.Rxd4 a6 11.f3 Bd7 12.g3 Be7 13.Bg2 Bc6 14.Rhd1 O-O-O 15.Be3 b5
16.a3 d5 17.e5 Nd7 18.f4 Nb6 19.R4d3 Kb7 20.Bxb6 Kxb6 21.Ne2 g6 22.Nd4 Rc8
23.b4 Rc7 24.Rc3 Rhc8 25.Kb2 h5 26.Nb3 Bb7 27.Rxc7 Rxc7 28.c3 Rc8 29.Nd4 Bc6
30.h4 Bd7 31.Bh3 Rg8 32.Re1 Rc8 33.Bf1 Rg8 34.Bd3 Bd8 35.Bc2 Kb7 36.Bb3 Bb6
37.Kc2 Bxd4 38.cxd4 Rc8+ 39.Kd2 Rc7 40.Rc1 Rxc1 41.Kxc1 Kc7 42.Bd1 Kd8 43.g4 hxg4
44.Bxg4 Ke7 45.h5 Kf8 46.hxg6 fxg6 47.Be2 Kg7 48.a4 Kh6 49.axb5 axb5 50.Kd2 Bc6
51.Bg4 Bd7 52.Ke3 g5 53.Kf3 Kg6 54.Kg3 gxf4+ 55.Kxf4 Kf7 56.Kg5 Ke7 57.Be2 Bc6
58.Bh5 Bd7 59.Kg6 Be8+ 60.Kh6 Bc6 61.Kg7 Bd7  1/2-1/2

[Event "WY BU18 2012"]
[Site "Maribor SLO"]
[Date "2012.11.10"]
[Round "3.41"]
[White "Sochacki,C"]
[Black "Guseynov,A"]
[Result "1-0"]
[WhiteElo "2402"]
[BlackElo "2139"]

1.e4 c5 2.Nf3 d6 3.d4 cxd4 4.Nxd4 Nf6 5.Nc3 Nc6 6.Bg5 e6 7.Qd2 a6 8.O-O-O Bd7
9.f3 Be7 10.Be3 h5 11.Qf2 Ne5 12.h3 Qc7 13.f4 Nc4 14.Bxc4 Qxc4 15.e5 dxe5
16.fxe5 Nd5 17.Nxd5 exd5 18.Kb1 h4 19.Rd3 Qc7 20.Nf5 Qxe5 21.Nxe7 Qxe7 22.Rxd5 Qe6
23.Rhd1 Bc6 24.Rd6 Qe4 25.Bc5 O-O 26.R6d4 Qxg2 27.Qxh4 Bf3 28.R4d2  1-0

[Event "WY GU16 2012"]
[Site "Maribor SLO"]
[Date "2012.11.10"]
[Round "3.3"]
[White "Utiatskaja,Irina"]
[Black "Osmanodja,F"]
[Result "1-0"]
[WhiteElo "2038"]
[BlackElo "2206"]

1.e4 c5 2.Nf3 Nc6 3.d4 cxd4 4.Nxd4 Nf6 5.Nc3 d6 6.Bg5 e6 7.Qd2 Qb6 8.Bxf6 gxf6
9.Nb3 Bd7 10.Nb5 Ne5 11.a4 a6 12.N5d4 Rc8 13.a5 Qc7 14.c3 Nc4 15.Qc2 Rg8
16.g3 e5 17.Nf5 Qc6 18.Bxc4 Bxf5 19.Nd2 Bh6 20.Bd3 Be6 21.O-O Kf8 22.Nf3 Kg7
23.Nh4 Kh8 24.Rfd1 Bg5 25.Ng2 Bh3 26.Bf1 f5 27.exf5 d5 28.Qb3 Rcd8 29.Ne3 Bxe3
30.Bxh3 Ba7 31.Ra4 Qc5 32.Rf1 Qc6 33.Rh4 f6 34.Bg4 Rg7 35.Bh5 Qd7 36.Bg4 Rdg8
37.h3 e4 38.Kh2 Qd6 39.Qc2 Qe5 40.Qd2 Rg5 41.f4 exf3 42.Rxf3 Qc7 43.b4 b6
44.axb6 Bxb6 45.Rd3 Re8 46.Rxd5 Re3 47.Rd6 Rg7 48.c4 Qxc4 49.Rxb6 Rd3 50.Rb8+ Rg8
51.Rxg8+ Kxg8 52.Qg2 Qxb4 53.Be2 Rd4 54.Qa8+  1-0

[Event "WY BU16 2012"]
[Site "Maribor SLO"]
[Date "2012.11.10"]
[Round "3.39"]
[White "Madrigal Perez,Rodrigo"]
[Black "Monjac,M"]
[Result "0-1"]
[WhiteElo "1924"]
[BlackElo "2103"]

1.e4 c5 2.Nf3 d6 3.d4 cxd4 4.Nxd4 Nf6 5.Nc3 Nc6 6.Bg5 Bd7 7.Qd2 Nxd4 8.Qxd4 Qa5
9.Bd2 Qb6 10.Qxb6 axb6 11.Be3 Bc6 12.f3 Nd7 13.Be2 e6 14.b4 Rc8 15.O-O Ne5
16.f4 Bd7 17.fxe5 Rxc3 18.Bxb6 Rxc2 19.Bd3 Rc3 20.Rfd1 dxe5 21.Rac1 Bxb4
22.Bb5 Rxc1 23.Rxc1 Bxb5 24.Rc8+ Ke7 25.Rxh8 h6 26.Rc8 Bc6 27.Kf2 Ba3 28.Ra8 Bc1
29.Bc5+ Kf6 30.Be3 Bb2 31.a4 Bxe4 32.a5 Bd3 33.Rd8 Ba6 34.Rd7 Kg6 35.g3 Bc3
36.Bb6 f5 37.Re7 Kf6 38.Rd7 g5 39.Bd8+ Kg6 40.Bb6 e4 41.Re7 Kf6 42.Rh7 f4
43.Rxh6+ Kf5 44.gxf4 gxf4 45.Rh7 Bd2 46.Rf7+ Kg6 47.Re7 Kf6 48.Rd7 e3+ 49.Kf3 Bb5
50.Rc7 e5 51.Rc8 e2 52.Bf2 e1=Q 53.Bxe1 Bxe1 54.Rc5 Bd7 55.Rc7 Bb5 56.Rc5 Be8
57.Kg4 Bd7+ 58.Kf3 Bb4  0-1

[Event "WY GU16 2012"]
[Site "Maribor SLO"]
[Date "2012.11.11"]
[Round "4.9"]
[White "Osmanodja,F"]
[Black "Lasya,G"]
[Result "1-0"]
[WhiteElo "2206"]
[BlackElo "1961"]

1.e4 c5 2.Nf3 d6 3.d4 cxd4 4.Nxd4 Nf6 5.Nc3 Nc6 6.Bg5 e6 7.Qd2 a6 8.O-O-O Bd7
9.f3 b5 10.Nxc6 Bxc6 11.Ne2 Be7 12.Be3 O-O 13.Nd4 Bb7 14.g4 Nd7 15.g5 d5
16.f4 Nc5 17.e5 Ne4 18.Qe1 Bc5 19.Bg2 Qc7 20.Nb3 Rfc8 21.Bxc5 Nxc5 22.Nd4 a5
23.Kb1 b4 24.h4 Na4 25.g6 fxg6 26.Bh3 Ra6 27.Qe2 Nc3+ 28.bxc3 bxc3 29.Ka1 Qc5
30.Rb1 Qxd4 31.Rxb7 Rac6 32.h5 Rb6 33.Rxb6 Qxb6 34.Rb1 Qc6 35.hxg6 hxg6 36.Qg4 Re8
37.Qxg6 d4 38.Bg2 Qa4 39.Rb7  1-0

[Event "WY BU16 2012"]
[Site "Maribor SLO"]
[Date "2012.11.12"]
[Round "5.41"]
[White "Benidze,G"]
[Black "Itkin,David"]
[Result "1-0"]
[WhiteElo "1965"]
[BlackElo "2058"]

1.e4 c5 2.Nf3 d6 3.d4 cxd4 4.Nxd4 Nf6 5.Nc3 Nc6 6.Bg5 e6 7.Qd2 a6 8.O-O-O h6
9.Be3 Bd7 10.f3 b5 11.Kb1 Rc8 12.g4 Qa5 13.h4 Nxd4 14.Bxd4 b4 15.Ne2 e5 16.Be3 Be6
17.Nc1 d5 18.Nb3 Qa4 19.g5 hxg5 20.exd5 Bxd5 21.Bh3 g4 22.Bxg4 Rd8 23.Bb6 Rd6
24.Qe3 Nxg4 25.fxg4 f6 26.Rhe1 Qc6 27.Ba5 Rd7 28.g5 Rxh4 29.Bb6 Rh2 30.Rc1 Be6
31.gxf6 gxf6 32.Qg3 Rg2 33.Qe3 Rh7 34.Bd4 Rhh2 35.Bxe5 Bh6 36.Bf4 Kf7 37.Nd4 Bxf4
38.Qxf4 Bxa2+ 39.Kxa2 Qc4+ 40.Kb1 Rxc2 41.Qxh2  1-0

[Event "WY BU16 2012"]
[Site "Maribor SLO"]
[Date "2012.11.12"]
[Round "5.38"]
[White "Mikes,J"]
[Black "Yuksel,A"]
[Result "0-1"]
[WhiteElo "2102"]
[BlackElo "1984"]

1.e4 c5 2.Nf3 Nc6 3.d4 cxd4 4.Nxd4 Nf6 5.Nc3 d6 6.Bg5 e6 7.Qd2 Be7 8.O-O-O O-O
9.Nb3 a6 10.Bxf6 Bxf6 11.Qxd6 Qxd6 12.Rxd6 Be7 13.Rd1 b5 14.Be2 Ra7 15.f4 f6
16.Bf3 Rc7 17.Rhe1 Bb7 18.Bg4 Bc8 19.Re2 g6 20.Kb1 Kg7 21.Bh3 Rd8 22.Rxd8 Nxd8
23.f5 b4 24.Nd1 gxf5 25.exf5 e5 26.Ne3 Rd7 27.g4 Bb7 28.g5 Nf7 29.gxf6+ Bxf6
30.Nc5 Re7 31.Bg2 Bc8 32.Nd5 Re8 33.Ne4 Bh4 34.Bh3 Rd8 35.Ne3 Bb7 36.Nc5 Bf3
37.Ne6+ Kg8 38.Nxd8 Bxe2 39.Ne6 h5 40.Kc1 Ng5 41.Nxg5 Bxg5 42.Kd2 Bb5 43.Bg2 Kf7
44.Bf3 h4 45.Be2 Kf6 46.Bg4 e4 47.h3 Ke5 48.c3 bxc3+ 49.bxc3 a5 50.Be2 Bd7
51.Bg4 a4 52.f6 Be8 53.Ke2 Bxf6 54.Bc8 Be7 55.Bb7 Bh5+ 56.Ke1 Bf7 57.Bc6 a3
58.c4 Be6 59.Ng4+ Kd4 60.Bd5 Bxg4 61.hxg4 h3 62.Kf2 h2 63.Kg2 e3 64.Bf3 Kxc4  0-1

[Event "WY BU16 2012"]
[Site "Maribor SLO"]
[Date "2012.11.12"]
[Round "6.31"]
[White "Markoja,S"]
[Black "Vibbert,Sean"]
[Result "0-1"]
[WhiteElo "2048"]
[BlackElo "2255"]

1.e4 c5 2.Nf3 Nc6 3.d4 cxd4 4.Nxd4 Nf6 5.Nc3 d6 6.Bg5 e6 7.Qd2 Be7 8.O-O-O Nxd4
9.Qxd4 O-O 10.f4 Qa5 11.Bc4 Bd7 12.e5 dxe5 13.fxe5 Bc6 14.Bd2 Nd7 15.Nd5 Qd8
16.Nxe7+ Qxe7 17.Rhe1 Rfd8 18.Qg4 Nf8 19.Bd3 Rxd3 20.cxd3 Qd7 21.Bb4 Qd5
22.Kb1 Qxg2 23.Qxg2 Bxg2 24.Bxf8 Kxf8 25.Rd2 Bc6 26.b3 Rd8 27.d4 h5 28.Kc2 g6
29.Kd3 Kg7 30.h4 Rc8 31.Rc2 Rd8 32.Ke3 Rd7 33.Rf1 Rd5 34.Rc5 Rd8 35.a4 Rf8
36.Kd3 Kg8 37.Rf4 Kg7 38.Kc3 Rd8 39.Kb2 Kg8 40.Ka3 Ra8 41.b4 a6 42.Kb3 Bd5+
43.Ka3 Bc6 44.Rf2 Kg7 45.Rf1 Kg8 46.Kb3 Bd5+ 47.Kb2 Bc6 48.b5 axb5 49.axb5 Be8
50.Ra1 Rxa1 51.Kxa1 Kg7 52.b6 g5 53.hxg5 h4 54.Rc7 Kg6 55.Rxb7 h3 56.Rxf7 Kxf7
57.b7 h2 58.b8=Q h1=Q+ 59.Kb2 Qg2+ 60.Kc3 Qf3+ 61.Kb4 Qc6 62.Qd8 Qa4+ 63.Kc3 Qa3+
64.Kc4 Qc1+ 65.Kb3 Qb1+ 66.Kc3 Qa1+ 67.Kb3 Qa4+ 68.Kc3 Qc6+ 69.Kb4 Qb7+ 70.Kc5  0-1

[Event "WY GU18 2012"]
[Site "Maribor SLO"]
[Date "2012.11.12"]
[Round "6.19"]
[White "Real Pereyra,D"]
[Black "Papathanasiou,E"]
[Result "1-0"]
[WhiteElo "2077"]
[BlackElo "1908"]

1.e4 c5 2.Nf3 d6 3.d4 cxd4 4.Nxd4 Nf6 5.Nc3 Nc6 6.Bg5 Qb6 7.Nb3 e6 8.Be2 Be7
9.Qd2 O-O 10.O-O Rd8 11.Be3 Qc7 12.f4 a6 13.a4 b6 14.Bf3 Bb7 15.Qf2 Nd7 16.g4 Nb4
17.g5 d5 18.e5 Rac8 19.Nd4 Nc5 20.Nce2 Nxc2 21.Nxc2 Nd3 22.Qh4 Qxc2 23.Nd4 Qc7
24.Bg4 Bc5 25.Rf3 Bxd4 26.Bxd4 Qc2 27.g6 fxg6 28.Bxe6+ Kh8 29.Qxh7+  1-0

[Event "FSIM Nov 2012"]
[Site "Budapest HUN"]
[Date "2012.11.13"]
[Round "10.5"]
[White "Atnilov,M"]
[Black "Wittmann,W"]
[Result "0-1"]
[WhiteElo "2099"]
[BlackElo "2245"]

1.e4 c5 2.Nf3 Nc6 3.d4 cxd4 4.Nxd4 Nf6 5.Nc3 d6 6.Bg5 Bd7 7.Qd2 Rc8 8.O-O-O Nxd4
9.Qxd4 Qa5 10.f4 h6 11.Bxf6 gxf6 12.Kb1 h5 13.Be2 h4 14.Nd5 Qc5 15.Qd2 Bg7
16.Bf3 e6 17.Nc3 Rc6 18.e5 d5 19.f5 O-O 20.Qe1 Rb6 21.Ne2 fxe5 22.Qxh4 Rc8
23.Rd2 exf5 24.Bxd5 Be6 25.Bxe6 Rxe6 26.Rhd1 e4 27.Rd8+ Re8 28.Rxc8 Rxc8
29.c3 Qb5 30.Rd8+ Rxd8 31.Qxd8+ Kh7 32.Qd2 Bh6 33.Qc2 Qe5 34.g3 f4 35.gxf4 Bxf4
36.Nxf4 Qxf4 37.Qe2 f5 38.Kc2 Kg6 39.c4 a5 40.Qg2+ Kh5 41.Qg8 Qxh2+ 42.Kb3 Qe5
43.Qh7+ Kg4 44.Qxb7 f4 45.Qd7+ Kg3 46.Qd5 Qe7 47.Kc2 f3 48.Kd1 e3 49.Qf5 e2+  0-1

[Event "22nd World Seniors Open"]
[Site "Kamena Vourla GRE"]
[Date "2012.11.14"]
[Round "2.16"]
[White "Batakovs,O"]
[Black "Filipenko,A"]
[Result "1-0"]
[WhiteElo "2109"]
[BlackElo "2321"]

1.e4 c5 2.Nf3 d6 3.d4 cxd4 4.Nxd4 Nf6 5.Nc3 Nc6 6.Bg5 e6 7.Qd2 Qb6 8.O-O-O Qxd4
9.Qxd4 Nxd4 10.Rxd4 a6 11.f3 Be7 12.Bc4 Nd7 13.Bxe7 Kxe7 14.Rhd1 Ne5 15.Be2 Rd8
16.f4 Nc6 17.R4d2 b5 18.Bf3 Bb7 19.e5 dxe5 20.fxe5 Rxd2 21.Rxd2 Rb8 22.Bxc6 Bxc6
23.g3 Rc8 24.Rd4 f6 25.exf6+ Kxf6 26.Rf4+ Ke7 27.Kd2 e5 28.Rf2 b4 29.Nd1 Rd8+
30.Kc1 Ke6 31.Rd2 Rc8 32.Ne3 h5 33.Kd1 a5 34.b3 a4 35.Nc4 Bd5 36.Rxd5 Kxd5
37.Nb6+ Ke4 38.Nxc8 axb3 39.axb3 Kf3 40.Nd6 e4 41.Ke1 e3 42.Nf5 g5 43.h4 g4
44.Kf1 Ke4 45.Ng7 Kd4 46.Nxh5 Kc3 47.Nf4 Kxc2 48.Ke2 Kxb3 49.h5  1-0

[Event "WY BU18 2012"]
[Site "Maribor SLO"]
[Date "2012.11.14"]
[Round "7.49"]
[White "Draskovic,Da"]
[Black "Kyrkjebo,Erlend"]
[Result "1-0"]
[WhiteElo "1852"]
[BlackElo "2048"]

1.e4 c5 2.Nf3 Nc6 3.d4 cxd4 4.Nxd4 Nf6 5.Nc3 d6 6.Bg5 e6 7.Qd2 a6 8.O-O-O Bd7
9.f4 h6 10.Bh4 g5 11.fxg5 Ng4 12.Be2 Nge5 13.Nf3 hxg5 14.Bg3 Be7 15.Rhf1 Rc8
16.Kb1 b5 17.Nxe5 Nxe5 18.Bd3 Qc7 19.Bxe5 dxe5 20.Qf2 f6 21.g4 Kf7 22.Ne2 Rh6
23.Ng3 a5 24.Qd2 a4 25.Nh5 a3 26.h4 Kg6 27.hxg5 fxg5 28.b3 Qc3 29.Qxc3 Rxc3
30.Rf2 Rc8 31.Rdf1 Rxh5 32.gxh5+ Kxh5 33.Rf7 Re8 34.Rh1+ Kg6 35.Rhh7 Bf8
36.Rxd7 g4 37.Rh1  1-0

[Event "WY BU16 2012"]
[Site "Maribor SLO"]
[Date "2012.11.14"]
[Round "7.42"]
[White "Bratkovic,Sham"]
[Black "Itkin,David"]
[Result "0-1"]
[WhiteElo "1943"]
[BlackElo "2058"]

1.e4 c5 2.Nf3 d6 3.d4 cxd4 4.Nxd4 Nf6 5.Nc3 Nc6 6.Bg5 e6 7.Qd2 a6 8.f3 h6
9.Be3 Bd7 10.O-O-O b5 11.Kb1 Rc8 12.g4 Ne5 13.Bd3 b4 14.Nce2 d5 15.h3 Nc4
16.Bxc4 dxc4 17.c3 Qa5 18.h4 Ba4 19.g5 Nd7 20.g6 Bxd1 21.Rxd1 Ne5 22.gxf7+ Kxf7
23.Nf4 bxc3 24.bxc3 Ba3 25.Nd5 exd5 26.Bxh6 Rb8+ 27.Nb3 Nd3 28.Rg1 Rxh6 29.Qg5 Qxc3
30.Qxd5+ Kf8 31.Qf5+ Rf6  0-1

[Event "WY GU18 2012"]
[Site "Maribor SLO"]
[Date "2012.11.14"]
[Round "7.16"]
[White "Turkova,K"]
[Black "Real Pereyra,D"]
[Result "1/2-1/2"]
[WhiteElo "1993"]
[BlackElo "2077"]

1.e4 c5 2.Nf3 d6 3.d4 cxd4 4.Nxd4 Nf6 5.Nc3 Nc6 6.Bg5 Bd7 7.Qd2 Rc8 8.f4 Nxd4
9.Qxd4 Qa5 10.e5 dxe5 11.fxe5 e6 12.O-O-O Rxc3 13.Bd2 Bc5 14.Bxc3 Bxd4 15.Bxa5 Bxe5
16.Bb5 Nd5 17.c4 Bxb5 18.cxd5 O-O 19.d6 b6 20.Bb4 Rd8 21.Kb1 f6 22.Rc1 a5
23.Ba3 Bd3+ 24.Ka1 b5 25.Bc5 Bc4 26.Rhd1 Kf7 27.a4 Rd7 28.axb5 Bxb5 29.g3 Ba4
30.Rd2 Bb3 31.Bb6 Bxd6 32.Bxa5 Bd5 33.Bb6 Rb7 34.Bc5 Bc7 35.Ba3 Be5 36.Bc5 Rb8
37.Re2 Bf3 38.Rxe5 fxe5 39.Rf1 e4 40.b4 Ke8 41.Kb2 Kd7 42.Kc3 Ra8 43.Kb3 e5
44.Rf2 Kc6 45.Kc4 Ra1 46.b5+ Kb7 47.Rd2 Rc1+ 48.Kb4 Bg4 49.Rf2 Be6 50.Be3 Rc4+
51.Ka5 Rc3 52.Re2 Bg4 53.Bd2 Rc5 54.Rf2 Bf3 55.Be3 h6 56.Rd2 Rc3 57.Bb6 Bg4
58.Rd5 Rc2 59.Bc5 Ra2+ 60.Kb4 Rb2+ 61.Ka5 Be2 62.Be3 Ra2+ 63.Kb4 Rb2+ 64.Ka5 Ra2+
65.Kb4  1/2-1/2